Hagers Handbuch der pharmazeutischen Praxis Band 2. Methoden

Salvato in:
Dettagli Bibliografici
Autori principali: Nürnberg, E. (Autore), Surmann, P. (Autore)
Natura: Libro
Lingua:tedesco
Pubblicazione: Berlin, Heidelberg Springer-Verlag 1991
Edizione:5., vollständig neubear. Aufl.
Soggetti:
Accesso online:Visualizza in OPAC
Tags: Aggiungi Tag
Nessun Tag, puoi essere il primo ad aggiungerne!!

MARC

LEADER 00000nam a2200000 a 4500
005 20260127134338.0
008 090316s1991RRRRgw a g 0 ger c
015 |a SNBA2004/02-00650 
020 |a 3540524592 
035 |a vtls009483568 
039 9 |y 200903160912  |z mschk03 
040 |a STUSCHK1  |b slo  |c STUSCHK1  |e AACR2 
072 7 |a 33  |2 konspekt 
080 |a 615 
245 1 |a Hagers Handbuch der pharmazeutischen Praxis  |n Band 2. Methoden  |c E. Nürnberg, P.Surmann [Hrsg.] 
250 |a 5., vollständig neubear. Aufl. 
260 |a Berlin, Heidelberg  |b Springer-Verlag  |c 1991 
300 |a xviii, 1133 s.  |b il.  |c 24,5 cm 
650 0 7 |a farmácia  |2 SNK 
700 0 |a Nürnberg, E.  |4 aut 
700 0 |a Surmann, P.  |4 aut 
910 |a SCHK95 
919 |a 3-54052459-2 
999 |c 10396  |d 10396